The Journal (Record no. 118597)
[ view plain ]
| 000 -LEADER | |
|---|---|
| fixed length control field | 01194cas a22002895a 4500 |
| 001 - CONTROL NUMBER | |
| control field | ##L338 |
| 008 - FIXED-LENGTH DATA ELEMENTS--GENERAL INFORMATION | |
| fixed length control field | 950120d19952009xxkqr p a0eng d |
| 022 1# - INTERNATIONAL STANDARD SERIAL NUMBER | |
| International Standard Serial Number | 1469-5421 |
| 035 ## - SYSTEM CONTROL NUMBER | |
| System control number | (Sirsi) u98958 |
| 041 0# - LANGUAGE CODE | |
| Language code of text/sound track or separate title | eng |
| 110 2# - MAIN ENTRY--CORPORATE NAME | |
| Corporate name or jurisdiction name as entry element | Royal Institution of Chartered Surveyors |
| Subordinate unit | Building Conservation Forum |
| 9 (RLIN) | 4708 |
| 240 1# - UNIFORM TITLE | |
| Uniform title | Building Conservation Journal |
| 245 04 - TITLE STATEMENT | |
| Title | The Journal |
| Remainder of title | RICS Building Conservation |
| 260 2# - PUBLICATION, DISTRIBUTION, ETC. | |
| Place of publication, distribution, etc. | London |
| Name of publisher, distributor, etc. | RICS |
| Date of publication, distribution, etc. | 1995-2009 |
| 362 0# - DATES OF PUBLICATION AND/OR SEQUENTIAL DESIGNATION | |
| Dates of publication and/or sequential designation | London: (13) Winter 1995-September 2009 |
| 362 0# - DATES OF PUBLICATION AND/OR SEQUENTIAL DESIGNATION | |
| Dates of publication and/or sequential designation | Edinburgh: (13) Winter 1995-September 2009 |
| 520 ## - SUMMARY, ETC. | |
| Summary, etc. | Slight name change: from 2006 Building Conservation Journal became The Journal: RICS Building Conservation. |
| 554 ## - | |
| -- | Four per year |
| 651 #4 - SUBJECT ADDED ENTRY--GEOGRAPHIC NAME | |
| Geographic name | United Kingdom |
| Chronological subdivision | |
| 690 ## - LOCAL SUBJECT ADDED ENTRY--TOPICAL TERM (OCLC, RLIN) | |
| Topical term or geographic name as entry element | BUILT ENVIRONMENT-BUILDING MAINTENANCE AND REFURBISHMENT-BUILDING CONSERVATION |
| 710 2# - ADDED ENTRY--CORPORATE NAME | |
| Corporate name or jurisdiction name as entry element | Royal Institution of Chartered Surveyors |
| Subordinate unit | Building Conservation Group |
| 9 (RLIN) | 4497 |
| 780 00 - PRECEDING ENTRY | |
| Title | Building Conservation Newsletter |
| 785 00 - SUCCEEDING ENTRY | |
| Title | Building Surveying Journal |
| International Standard Serial Number | 1750-1032 |
| 856 41 - ELECTRONIC LOCATION AND ACCESS | |
| Uniform Resource Identifier | <a href="https://www.rics.org/buildingconservationjournal">https://www.rics.org/buildingconservationjournal</a> |
| Public note | View the journal free of charge at www.rics.org... |
| 942 ## - ADDED ENTRY ELEMENTS (KOHA) | |
| Suppress in OPAC | 0 |
| 948 ## - LOCAL PROCESSING INFORMATION (OCLC); SERIES PART DESIGNATOR (RLIN) | |
| c (OCLC) | 20/01/1995 |
| Withdrawn status | Lost status | Source of classification or shelving scheme | Damaged status | Not for loan | Home library | Current library | Shelving location | Date acquired | Total Checkouts | Full call number | Barcode | Date last seen | Price effective from | Koha item type |
|---|---|---|---|---|---|---|---|---|---|---|---|---|---|---|
| Dewey Decimal Classification | London | London | Gallery | 26/10/2004 | RICS BUILDING CONSERVATION JOURNAL | 98958-1001 | 06/08/2019 | 06/08/2019 | Journal | |||||
| Dewey Decimal Classification | Virtual | Virtual | Online | 27/06/2006 | ONLINE PUBLICATION | 98958-3001 | 06/08/2019 | 06/08/2019 | Journal |